000 00630nam a22001817a 4500
010 _aENG-138533
020 _a9788178246390
_c795.00
035 _aEN-122065
037 _bDBAB/PUB
082 _21
_a340.59
100 _aScott, J. Barton
_959382
245 _aSlandering the Sacred:
_bBlasphemy Law and the Shaping of Indian Secularism/
_cBy J. Barton Scott
250 _a1
260 _aRanikhet
_bPermanent Black
_c2023
270 _a'Himalayana', Mall Road, Ranikhet Cantt, Ranikhet,
_bRanikhet
_cUttaranchal
_e263645
_mperblack@gmail.com
300 _a294p.
_c23cm(hbk)
942 _cEN
_2ddc
_h340.59
_mSCO
_e1
999 _c199416
_d199416